Analýza a najnovšie trendy multimediálnych prezentácií diplomová práca

Uložené v:
Podrobná bibliografia
Hlavný autor: Krajčovičová, Kristína
Korporativný autor: Fakulta hospodárskej informatiky EU. Katedra aplikovanej informatiky
Ďalší autori: Szivósová, Mária, 1958-
Médium: Kniha
Jazyk:Slovak
Vydavateľské údaje: Bratislava 2012
Tagy: Pridať tag
Žiadne tagy, Buďte prvý, kto otaguje tento záznam!

MARC

LEADER 00000nbm a2200000 4500
001 0154951
005 20161109102155.7
041 0 |a slo 
044 |a SK 
245 1 0 |a Analýza a najnovšie trendy multimediálnych prezentácií  |b diplomová práca  |c Kristína Krajčovičová ; školiteľ: Mária Szivósová 
264 1 |a Bratislava  |c 2012 
300 |a 73 s. 
100 1 |a Krajčovičová, Kristína 
700 1 |a Szivósová, Mária, 1958- 
710 2 |a Fakulta hospodárskej informatiky EU. Katedra aplikovanej informatiky